000 00532nam a2200217Ia 4500
003 OSt
005 20220928140234.0
006 a|||||r|||| 00| 0
007 ta
008 220927b |||||||| |||| 00| 0 eng d
024 _a7878
037 _cTextual
040 _aSDCL
_cSDCL
_beng
041 _2eng
_aeng
082 _aO-,2Nx, K9.2
100 _aMarowitz Charles
_9494828
245 0 _aOff-Broadway plays.
260 _c1969
942 _hO-,2Nx, K9.2
_cTEXL
_2CC
999 _c810895
_d810895